Every Class 3 Georgia Senator - Statistics

General Stats
  • This quiz has been taken 24 times
  • The average score is 13 of 30
Answer Stats
Picture Hint Answer % Correct
R(2020-2021) Kelly Loeffler
100%
D(2021-) Raphael Warnock
100%
D(1957-1981) Herman Talmadge
67%
D(1848-1849) Herschel Johnson
67%
D(1911-1921) Hoke Smith
67%
R(2005-2019) Johnny Isakson
67%
D(1880-1891) Joseph E. Brown
67%
D(2000-2005) Zell Miller
67%
D(1897-1910) Alexander S. Clay
33%
D(1835-1843) Alfred Cuthbert
33%
D(1855-1871) Alfred Iverson Sr.
33%
R(1809-1819) Charles Tait
33%
F(1789-1801) James Gunn
33%
R(1801-1806) James Jackson
33%
D(1891-1897) John B. Gordon
33%
D(1873-1891) John B. Gordon
33%
R(1819-1825) John Elliott
33%
J(1829-1835) John Forsyth
33%
J(1825-1829) John Macpherson Berrien
33%
R(1806-1809) John Milledge
33%
D(1910-1911) John M. Terrell
33%
R(1871-1873) Joshua Hill
33%
R(1981-1987) Mack F. Mattingly
33%
R(1993-2000) Paul Coverdell
33%
D(1922-1922) Rebecca L. Felton
33%
D(1921-1922) Thomas E. Watson
33%
D(1922-1957) Walter F. George
33%
D(1843-1848) Walter T. Colquitt
33%
W(1849-1855) William C. Dawson
33%
D(1987-1993) Wyche Fowler Jr.
33%
No matching quizzes found
Score Distribution
Percent of People with Each Score
Percentile by Number Answered
Your Score History
You have not taken this quiz